MARC

LEADER 00000nam0a2200000 4500
001 279260
005 20231101235207.0
020 |a RU  |b 86-34479 
035 |a (RuTPU)RU\TPU\book\302538 
090 |a 279260 
100 |a 20141217d1986 km y0rusy5003 ca 
101 0 |a rus 
102 |a TJ 
105 |a a z 001zy 
200 1 |a Физические основы акустоэлектроники. Акустические свойства пьезоэлектрических полупроводников  |f А. А. Адхамов, Ю. М. Гальперин, А. П. Пардаев  |g Академия наук Таджикской ССР (АН ТадССР), Физико-технический институт (ФТИ) 
210 |a Душанбе  |c Дониш  |d 1986 
215 |a 121 с.  |c ил.  |d 20 см 
320 |a Библиогр.: с. 120 (13 назв.) 
606 1 |a Акустоэлектроника  |x (физика)  |2 stltpush  |3 (RuTPU)RU\TPU\subj\1713  |9 30419 
610 1 |a упругие среды 
610 1 |a звук 
610 1 |a распространение 
610 1 |a теория упругости 
610 1 |a полупроводники 
610 1 |a акустические эффекты 
610 1 |a поглощение 
610 1 |a усиление 
610 1 |a коротковолновый звук 
675 |a 534.2  |z rus  |v 4 
700 1 |a Адхамов  |b А. А.  |g Акобир Адхамович  |4 070 
701 1 |a Гальперин  |b Ю. М.  |g Юрий Моисеевич 
701 1 |a Пардаев  |b А. П.  |g Артык Пардаевич 
712 0 2 |a Академия наук Таджикской ССР (АН ТадССР)  |b Физико-технический институт (ФТИ)  |c (Душанбе)  |2 stltpush  |3 (RuTPU)RU\TPU\col\17799 
801 0 |a RU  |b RuMRKP  |c 19950704  |g psbo 
801 1 |a RU  |b 63413507  |c 20141217 
801 2 |a RU  |b 63413507  |c 20180129  |g RCR 
942 |c BK